Concise text book of biochemistry / (Record no. 9242)

MARC details
000 -LEADER
fixed length control field 00710 a2200205 4500
010 ## - LIBRARY OF CONGRESS CONTROL NUMBER
LC control number ENG-88798
020 ## - INTERNATIONAL STANDARD BOOK NUMBER
Terms of availability 145.00
International Standard Book Number 8185502951
035 ## - SYSTEM CONTROL NUMBER
System control number EN-72331
037 ## - SOURCE OF ACQUISITION
Source of stock number/acquisition DBAD / PUB
082 14 - DEWEY DECIMAL CLASSIFICATION NUMBER
Classification number 574.192
090 ## - LOCALLY ASSIGNED LC-TYPE CALL NUMBER (OCLC); LOCAL CALL NUMBER (OCLC)
-- 9414
-- 9414
100 1# - MAIN ENTRY--PERSONAL NAME
Personal name Pattabiraman, T.N.
245 1# - TITLE STATEMENT
Title Concise text book of biochemistry /
Statement of responsibility, etc by T.N. Pattabiraman
250 ## - EDITION STATEMENT
Edition statement 3rd ed
260 ## - PUBLICATION, DISTRIBUTION, ETC. (IMPRINT)
Place of publication, distribution, etc New Delhi
Name of publisher, distributor, etc All India Publishers & Distributors
Date of publication, distribution, etc 2006 (repr)
270 ## - ADDRESS
Address 4380/4B, No.6, Kaushalaya Building, Ansari Road, Darya Ganj,
City New Delhi
Postal code 110 002
300 ## - PHYSICAL DESCRIPTION
Extent 182p.
Dimensions 24cm (pbk)
942 ## - ADDED ENTRY ELEMENTS (KOHA)
Institution code [OBSOLETE] dpl
Koha item type English Books
Call number prefix 574.192 / PAT
Holdings
Withdrawn status Lost status Source of classification or shelving scheme Damaged status Not for loan Collection code Home library Current library Source of acquisition Cost, normal purchase price Total Checkouts Full call number Barcode Date last seen Copy number Uniform Resource Identifier Cost, replacement price Price effective from Koha item type
    Dewey Decimal Classification   Not For Loan Non-fiction D.B.Act.Division D.B.Act.Division DBAD/PUB 145.00   574.192 PAT EN-72331 15/09/2008 1 10213 145.00 15/09/2008 English Books

© Delhi Public Library
Hit Counter
free hit counter